[Event "Belgrade-chT Quality"]
[Site "Belgrade"]
[Date "2021.10.23"]
[Round "3.7"]
[White "Milosevic, Zeljko"]
[Black "Jovanovic, Vladimir D"]
[Result "1-0"]
[WhiteElo "1852"]
[BlackElo "1315"]
[PlyCount "29"]
[EventDate "2021.10.16"]
[EventType "team-tourn"]
[EventRounds "11"]
[EventCountry "SRB"]
[SourceTitle "EXT 2023"]
[Source "ChessBase"]
[SourceDate "2022.10.05"]
[SourceVersion "1"]
[SourceVersionDate "2022.10.05"]
[SourceQuality "1"]
[WhiteTeam "Belgrade Polet"]
[BlackTeam "Belgrade Obrenovac"]
[WhiteTeamCountry "SRB"]
[BlackTeamCountry "SRB"]

1. e4 c5 2. c3 e6 3. d4 cxd4 4. cxd4 Bb4+ 5. Nc3 Ne7 6. Nf3 0-0 7. Bd3 d5 8. e5 Nbc6 9. Bxh7+ Kxh7 10. Ng5+ Kg6 11. h4 Nxe5 12. h5+ Kf6 13. Nh7+ Kf5 14. Qc2+ Kg4 15. dxe5 1-0